00204nam a2200073Ia 4500008004100000082000800041100001400049245006700063240331s9999 xx 000 0 und d bROB aRoberts,M 0aSinhala consciousness in the Kandyan period 1590s to 1815 :b-